000 00450nam a2200193Ia 4500
003 GCL
008 140319s9999 xx 000 0 eng d
040 _aGCL /
_cGCL
082 0 4 _aCH
_b032
_bT H
100 1 _aTANNER, GILL
245 1 0 _aTOYS /
_cTANNER, GILL
700 1 _aWOOD, TIM
260 _a[S.N] :
_bA AND C BLACK LIMITED ،
_c1992
300 _a25
650 0 4 _aREADING
650 0 4 _aCHILDREN
650 0 4 _aKNOWLEDGE
942 _2ddc
_cBK
999 _c17740
_d17740